Statystyki dla 5 największych wysp na morzu Japońskim

Kliknij tutaj aby rozwiązać quiz!

Ogólne statystyki

  • Ten quiz został rozwiązany 4 razy
  • Średni wynik to 4 z 5

Statystyki odpowiedzi

PaństwoWyspa% Poprawnych
JaponiaHonsiu
100%
JaponiaHokkaido
75%
JaponiaKiusiu
75%
JaponiaOkinawa
50%
JaponiaSikoku
50%

Rozkład punktacji

Percentyl według liczby udzielonych odpowiedzi

Procent ludzi z każdym wynikiem

Twoja historia wyników

Nie rozwiązałeś tego quizu